00609nam a22002177a 450000500170000001000110001702000100002803500110003803700160004904000120006508200130007710000200009024500740011026000600018427000450024430000240028950000190031365000150033265000250034770000190037220170124105931.0 a957806 c00.00 a957806 bCen Lib/Ret aDPLbEN a330bRAN aRangarajan, C.  aPrinciples of microeconomics /cby C. Rangarajan [and] B.H. Dholakia  aNew Delhi bTata McGraw-Hill Publishing company c1979 bNew Delhi a12/4, asaf ali road e110002 axi, 223p.c21cm(Hb) aIncludes index aEconomics  aPanning and models  aDholakia, B.H.